00520nam a2200193 a 4500001001300000003000900013005001700022008004100039020001000080082001600090100004100106245001900147260004500166300000900211500003500220650001100255650001900266700004100285nice12345678IN_TiNIC20260116012642.0050524s1912 cala grp 000 0 ara  ac10000a297.4bFAR8 aFarangi Mahali, Muhammad Barkatullah aIkhwan-Us-safa aCalcutta bM.A Qayoom Book Seller c1912 a120p aincludes index and biblioraphy aSufism aIkhwan-Us-Sufa1 aFarangi Mahali, Muhammad Barkatullah